India
| Main Author: | |
|---|---|
| Other Authors: | , , |
| Format: | Book |
| Published: |
Australia :
Lonely Planet Publications ,
2005
|
| Series: | Lonely planet
|
| Subjects: |
MARC
| LEADER | 00000cam a2200000 7i4500 | ||
|---|---|---|---|
| 001 | 0000017498 | ||
| 005 | 20080530.0 | ||
| 008 | 080527 | ||
| 020 | |a 1740596943 | ||
| 090 | 0 | 0 | |a 915.54 |b SAR |
| 100 | 1 | |a Sarina Singh | |
| 245 | 1 | 0 | |a India |c Sarina Singh, Joe Bindloss, Paul Clammer [et...al.] |
| 260 | |a Australia : |b Lonely Planet Publications , |c 2005 | ||
| 440 | 0 | |a Lonely planet | |
| 650 | 0 | |a India |x Description and travels | |
| 700 | 1 | |a Bindloss, Joe | |
| 700 | 1 | |a Clammer, Paul | |
| 700 | 1 | |a Elberle, Janine | |
| 999 | |a 0001017447 |b Book |c REFERENCE |e Perbadanan Perpustakaan Awam Johor | ||